|
|
|
|
| LEADER |
00771nam#a2200277#a#4500 |
| 001 |
006064 |
| 005 |
20160721143830.0 |
| 008 |
990823s1965####sp##################spa#d |
| 020 |
|
|
|a 8425303877
|
| 040 |
|
|
|a AR-beUNQ
|
| 099 |
|
|
|a 05-G30
|
| 100 |
1 |
|
|a Garelli, Paul
|
| 245 |
0 |
3 |
|a El trabajo bajo los primeros estados
|c Paul Garelli ; Serge Sauneron.
|
| 260 |
|
|
|a Barcelona :
|b Grijalbo,
|c 1965
|
| 300 |
|
|
|a 139 p
|
| 490 |
0 |
|
|a Hipótesis ;
|v v. 8
|
| 650 |
|
7 |
|a TRABAJO
|2 Spines
|
| 650 |
|
7 |
|a SECTOR INDUSTRIAL
|2 Spines
|
| 650 |
|
7 |
|a COMERCIO
|2 Spines
|
| 650 |
|
7 |
|a LEGISLACION
|2 Spines
|
| 651 |
|
7 |
|a ASIA OCCIDENTAL
|2 Spines
|
| 651 |
|
7 |
|a EGIPTO ANTIGUO
|2 Spines
|
| 700 |
1 |
|
|a Sauneron, Serge
|
| 929 |
|
|
|a COMPRA
|b Peon
|e 19990712
|j 26356
|
| 942 |
|
|
|c LIB
|n 0
|
| 999 |
|
|
|c 8815
|d 84202
|